Mystery Taylor Swift Song #135 - Statistics

General Stats
  • This quiz has been taken 212 times
  • The average score is 89 of 142
Answer Stats
Song % Correct
I
97%
a
93%
"The
93%
the
93%
"You
93%
you
93%
in
88%
me
87%
The Tortured Poets Department
86%
to
86%
your
86%
be
84%
it.
83%
it
83%
like
83%
No
83%
this
83%
"This
83%
and
82%
Do
82%
if
82%
look
82%
my
82%
on
82%
is
81%
You're
81%
"I'm
80%
Taylor
80%
Bow
79%
we're
79%
But
78%
Clara
78%
did
78%
light
78%
of
78%
when
78%
not
77%
one
77%
Swift
77%
All
76%
know
76%
she
75%
at
73%
never
73%
that
73%
They
73%
think
72%
I'd
71%
It's
71%
so
71%
Stevie
71%
thing
71%
Clara Bow
70%
die
69%
got
69%
her
69%
life
69%
Nicks
69%
see
69%
don't
68%
loving
68%
town
68%
You've
68%
real
67%
small
67%
You'd
67%
dazzling"
66%
Dazzling."
66%
say..."
65%
thought
65%
might
64%
Remarkable
64%
made
63%
edge
62%
happened
62%
fake
61%
hair
61%
lights
61%
lips
61%
rose"
61%
trying
61%
Down
60%
just
60%
Manhattan"
59%
picked
59%
want
59%
Promise
58%
these
58%
goes
57%
Crowd
56%
LA
56%
everything
55%
wild
55%
beast
54%
bright
54%
exaggerate
54%
future's
54%
fingertips
53%
'75
52%
Beauty
52%
fresh
52%
Only
52%
air
50%
fours
50%
Take
50%
Breath
48%
come
48%
new
48%
smoke
48%
through
48%
more
47%
roars
47%
eclipse"
46%
hell
46%
suits
46%
earth
45%
full
44%
give
44%
glory
44%
heavenly
44%
queen
44%
rings
44%
Demanding
43%
Half
43%
let
43%
crown
41%
meet
41%
moonshine
41%
glow
40%
girlish
38%
Flickers
37%
gently
37%
god
36%
worshipping
36%
Them's
31%
breaks
29%
machines
29%
stained
29%
war
29%
blood
26%
amongst
25%
Flesh
25%
No matching quizzes found
Score Distribution
Percent of People with Each Score
Percentile by Number Answered
Your Score History
You have not taken this quiz